000 00652nam a2200241Ia 4500
003 GCL
008 140319s9999 xx 000 0 ara d
040 _aGCL /
_cGCL
082 0 4 _a301.6332
_bن ث
100 1 _aاحمد بهاءالدين
245 1 0 _aالثورات الكبرى /
_cاحمد بهاءالدين
700 1 _aنهرو جواهر لال
300 _a1600 ص
490 _a
650 0 4 _aالماركسية
650 0 4 _aالثورات
650 0 4 _aالرأسمالية
650 0 4 _aالاشتراكية
650 0 4 _aالهند
650 0 4 _aالثورة الصناعية
650 0 4 _aاوربا
942 _2ddc
_cBK
999 _c40323
_d40323